• 首页
  • 本馆介绍
  • 公告通知
  • 最新文献
  • 馆藏检索
  • 电子资源
  • 读者导购
  • 参考咨询
  • 我的图书馆
  • 登录
  • 详细信息显示
  • 放入我的书架
  • 预约/预借图书
  • 作者相关作品
  • 分类相关作品
  • 丛书相关作品
  • 出版社相关作品

书目信息

  • 表格格式
  • 工作单格式
  • 卡片格式
题名:
扬子江的鱼 易北河的水
    
 
作者: 谭绿屏 , 谭绿屏 著
分册:  
出版信息: 武汉   长江文艺出版社  2002
页数: 175页, [4]页图版
开本: 21cm
丛书名:
单 册:
中图分类: I516.65
科图分类:
主题词: 散文--san wen--德国--现代--选集
电子资源:
ISBN: 7-5354-2323-X
000 01296nam0 2200349 450
000 01261nam0 2200337 450
000 01224nam0 2200325 450
000 01142nam0 2200313 450
000 01105nam0 2200301 450
000 01038nam0 2200277 450
001 0104000024
005 20061012081740.13
010    @a7-5354-2323-X@dCNY10.00
100    @a20051124d2002 em y0chiy0110 ea
101 0  @achi
102    @aCN@b420000
105    @aa z 000cc
200 1  @a扬子江的鱼 易北河的水@Ayang zi jiang de yu yi bei he de shui@e[我的旅德生涯]@f谭绿屏[著]@Ftan lu ping[zhu]
210    @a武汉@c长江文艺出版社@d2002
215    @a175页, [4]页图版@c图@d21cm
304    @a副题名取自封面
314    @a谭绿屏(女), 原籍广东省四会县, 生于南京, 德籍华人艺术家, 著有《扬子江的鱼 易北河的水: 我的旅德生涯》。
330    @a本书包括“心目中的他”、“春分,我的生日”、“隔语如隔山”、“寻找歌德的足迹”、“背后的姐妹们”等文章。
517 1  @a我的旅德生涯@9wo de lu^ de sheng ya
606 0  @a散文@Asan wen@y德国@z现代@j选集
690    @aI516.65@v4
701  0 @a谭绿屏@9tan lu^ ping@4著
701  0 @a谭绿屏@Atan lu ping@4著
801  0 @aCN@b北京荣雅伟业图书经销中心@c20061012
905    @aBZT@dI516.65@e1
906    @dCNY10.00@n0@r1
    
    扬子江的鱼 易北河的水:[我的旅德生涯]/谭绿屏[著].-武汉:长江文艺出版社,2002
    175页, [4]页图版:图;21cm
    
    
    ISBN 7-5354-2323-X:CNY10.00
    本书包括“心目中的他”、“春分,我的生日”、“隔语如隔山”、“寻找歌德的足迹”、“背后的姐妹们”等文章。
●
相关链接 在五车中查询图书 在当当中查询图书 在豆瓣中查询图书


正题名:扬子江的鱼 易北河的水     索取号:I516.65/1         预约/预借

序号 登录号 条形码 馆藏地/架位号 状态 备注
1 497106   230016157   中心书库中库/打包BH0251/ [索取号:I516.65/1] 在馆    
2 497107   230016156   中心书库中库/打包BH0251/ [索取号:I516.65/1] 在馆    
3 497108   230016155   中心书库中库/打包BH0251/ [索取号:I516.65/1] 在馆    
4 497109   230016154   中心书库中库/打包BH0251/ [索取号:I516.65/1] 在馆    
5 497110   230016153   中心书库中库/打包BH0251/ [索取号:I516.65/1] 在馆    
山东省滨州职业学院图书馆 欢迎您!
大连网信软件有限公司© 版权所有